| 000 | 00847nam a22002055i 4500 | ||
|---|---|---|---|
| 001 | 176771 | ||
| 003 | ES-MaACL | ||
| 005 | 20251201163840.0 | ||
| 008 | 110209s2010 sp ao |||| | spa d | ||
| 020 | _a978-84-87619-17-5 | ||
| 080 | _a72:82(083.824) | ||
| 245 | 0 | 0 |
_aArquitectura escrita _b: [catálogo de la exposición organizada por la Sociedad Estatal de Conmemoraciones Culturales (SECC), el Círculo de Bellas Artes y el Parque de las Ciencias de Granada] / _cJuan Calatrava y Winfried Nerdinger (eds.). |
| 260 |
_aMadrid : _bCírculo de Bellas Artes, _cD. L. 2010. |
||
| 300 |
_a317 p. : _bil. col. y n. ; _c25 cm. |
||
| 650 | 4 |
_aArquitectura y literatura- _vExposiciones. _9145107 |
|
| 700 | 1 |
_aCalatrava, Juan, _d1957- _9145104 |
|
| 700 | 1 |
_aNerdinger, Winfried. _9145105 |
|
| 852 |
_aES-MaACL _jE-14221 |
||
| 999 |
_c176771 _d176771 |
||